Regionálne aspekty a súvislosti medzinárodnopolitického vývoja Afganistanu

Guardado en:
Detalles Bibliográficos
Autor principal: Čech, Ľubomír, 1955-
Autor Corporativo: Ekonomická univerzita v Bratislave. Fakulta medzinárodných vzťahov
Otros Autores: Juza, Peter, Škvrnda, František
Formato: Libro
Lenguaje:eslovaco
Publicado: Bratislava Vydavateľstvo EKONÓM 2011
Edición:1. vyd.
Materias:
Etiquetas: Agregar Etiqueta
Sin Etiquetas, Sea el primero en etiquetar este registro!

MARC

LEADER 00000nam a2200000 4500
001 0144786
005 20240502072610.0
020 |a 978-80-225-3281-5 
041 0 |a slo 
044 |a SK 
245 1 0 |a Regionálne aspekty a súvislosti medzinárodnopolitického vývoja Afganistanu  |c Ľubomír Čech 
250 |a 1. vyd. 
264 1 |a Bratislava  |b Vydavateľstvo EKONÓM  |c 2011 
300 |a 175 s. [12,305 AH] 
610 2 0 |a vzťahy politické medzinárodné 
610 2 0 |a vývoj hospodársky 
610 2 0 |a vývoj politický 
610 2 0 |a politika regionálna 
610 2 0 |a Afganistan 
100 1 |a Čech, Ľubomír, 1955- 
700 1 |a Juza, Peter 
700 1 |a Škvrnda, František 
710 2 |a Ekonomická univerzita v Bratislave. Fakulta medzinárodných vzťahov